Romae antiquae notitia or The antiquities of Rome in two parts ... / (Record no. 156587)

MARC details
000 -LEADER
campo de control de longitud fija 00943nam a22002295i 4500
001 - NÚMERO DE CONTROL
campo de control 156587
003 - IDENTIFICADOR DE NÚMERO DE CONTROL
campo de control ES-MaACL
005 - FECHA Y HORA DE LA ÚLTIMA TRANSACCIÓN
campo de control 20230906210440.0
008 - DATOS DE LONGITUD FIJA--INFORMACIÓN GENERAL
campo de control de longitud fija 040803s1724 ie a |||| | eng d
100 1# - ENTRADA PRINCIPAL--NOMBRE DE PERSONA
Nombre de persona Kennett, Basil.
9 (RLIN) 67853
245 10 - MENCIÓN DEL TÍTULO
Título Romae antiquae notitia or The antiquities of Rome in two parts ... /
Mención de responsabilidad, etc. by Basil Kennett.
250 ## - MENCION DE EDICION
Mención de edición 7th ed.
260 ## - PUBLICACIÓN, DISTRIBUCIÓN, ETC.
Lugar de publicación, distribución, etc. Dublin :
Nombre del editor, distribuidor, etc. A. Rhames, for J. Hide and E. Dobson Booksellers,
Fecha de publicación, distribución, etc. 1724.
300 ## - DESCRIPCIÓN FÍSICA
Extensión [14], XXIV, 295, [1] en bl., [23] p., [13] h. de grab. ;
Dimensiones 8º.
597 ## - NOTA DE DESCRIPCIÓN FÍSICA
NOTA DE DESCRIPCIÓN FÍSICA Sign.: A7, a2, B-Y8, Z2.
597 ## - NOTA DE DESCRIPCIÓN FÍSICA
NOTA DE DESCRIPCIÓN FÍSICA Port. a dos tintas enmarcada.
599 ## - NOTA A LAS ILUSTRACIONES
NOTA A LAS ILUSTRACIONES Las h. de grab. calc., la mayoría pleg., sobre costumbres, monumentos, monedas, etc. de Roma.
651 ## - PUNTO DE ACCESO ADICIONAL DE MATERIA--NOMBRE GEOGRÁFICO
Nombre geográfico Roma-
Subdivisión general Usos y costumbres.
9 (RLIN) 9321
651 #4 - PUNTO DE ACCESO ADICIONAL DE MATERIA--NOMBRE GEOGRÁFICO
Nombre geográfico Roma-
Subdivisión general Historia.
9 (RLIN) 9312
740 42 - ENTRADA AGREGADA--TÍTULO RELACIONADO/ANALÍTICO NO CONTROLADO
Título relacionado o analítico no controlado The antiquities of Rome.
852 ## - LOCALIZACIÓN
Ubicación ES-MaACL
Número de control de estantería R-369
Nota libre - Enc. hol.
-- - Legado de Modesto de la Fuente
Encuadernación Olim: C-2240
Holdings
Estatus retirado Estado de pérdida Estado de daño No para préstamo Colección Biblioteca de origen Biblioteca actual Ubicación en estantería Fecha de adquisición Fuente de adquisición Total de préstamos Signatura topográfica completa Código de barras Visto por última vez Precio de reemplazo Tipo de ítem Koha
        Libros del s. XVIII Biblioteca del Ateneo de Madrid Biblioteca del Ateneo de Madrid Depósito 17/01/2008     R-369 1163829 23/02/2023 23/02/2023 Libro impreso antiguo